000
00391nam a2200145Ia 4500
008
100122s9999 xx 000 0 und d
082
_b
54015
_a
920
100
_a
गोखले माधव
245
_a
हंसगान
260
_b
नीहारा प्रकाशन
_c
1997
300
_a
160
630
_a
हंसगान
730
_a
हंसगान
942
_c
BOOK
999
_c
430922
_d
430919